Catalog

Record Details

Catalog Search



Alabama facts and symbols  Cover Image Book Book

Alabama facts and symbols / by Emily McAuliffe.

Summary:

Presents information about the state of Alabama, its nickname, flag, motto, and emblems.

Record details

  • ISBN: 0736822313
  • ISBN: 9780736822312
  • Physical Description: 24 pages : color illustrations, color maps ; 22 cm.
  • Edition: Revised and updated edition
  • Publisher: Mankato, Minn. : Capstone Press, c2003.

Content descriptions

Bibliography, etc. Note:
Includes bibliographical references (pages 23-24) and index.
Subject: Emblems, State > Alabama > Juvenile literature.
Nickname
Alabama.
Genre: Juvenile works.
Literature.

Available copies

  • 0 of 1 copy available at scottsboropl.

Holds

  • 0 current holds with 1 total copy.
Show Only Available Copies
Location Call Number / Copy Notes Barcode Shelving Location Status Due Date
scottsboropl E 961 McA 32269000689946 Juvenile - Easy NonFiction Checked out 04/23/2026

LDR 01429cam a2200337 a 4500
001117377
003SBPL
00520140703073256.0
008021120s2003 mnuab b b 001 0 eng
010 . ‡a 2002154050
020 . ‡a0736822313 ‡q(hbk.)
020 . ‡a9780736822312 ‡q(hbk.)
035 . ‡a(CONS)117377
035 . ‡a(OCoLC)51266318
05000. ‡aCR203.A65 ‡bM37 2003
08200. ‡a976.1 ‡221
1001 . ‡aMcAuliffe, Emily. : ‡eauthor
24510. ‡aAlabama facts and symbols / ‡cby Emily McAuliffe.
250 . ‡aRevised and updated edition
260 . ‡aMankato, Minn. : ‡bCapstone Press, ‡cc2003.
300 . ‡a24 pages : ‡bcolor illustrations, color maps ; ‡c22 cm.
336 . ‡atext ‡btxt ‡2rdacontent
337 . ‡aunmediated ‡bn ‡2rdamedia
338 . ‡avolume ‡bnc ‡2rdacarrier
4901 . ‡aThe states and their symbols
504 . ‡aIncludes bibliographical references (pages 23-24) and index.
520 . ‡aPresents information about the state of Alabama, its nickname, flag, motto, and emblems.
650 0. ‡aEmblems, State ‡zAlabama ‡vJuvenile literature.
650 0. ‡aNickname
651 0. ‡aAlabama.
655 7. ‡aJuvenile works.
655 7. ‡aLiterature. ‡2lcgft
830 0. ‡aStates and their symbols.
901 . ‡a117377 ‡bUnknown ‡c117377 ‡tbiblio

Additional Resources